Departments of Chad with a Map - Statistics

General Stats
  • This quiz has been taken 18 times
  • The average score is 35 of 69
Answers on the Map
Answers color-coded by a green-red scale on the quiz's map according to % correct below.
 
Answer Stats
Region Department % Correct
Borkou Borkou
71%
Chari-Baguirmi Chari
71%
Hadjer-Lamis Dagana
71%
Kanem Kanem
71%
Guéra Abtouyour
57%
Ennedi-Est Am-Djarass
57%
Chari-Baguirmi Baguirmi
57%
Bahr el Gazel Bahr el Gazel Nord
57%
Bahr el Gazel Bahr el Gazel Sud
57%
Mandoul Barh Sara
57%
Guéra Barh Signaka
57%
Batha Batha Est
57%
Batha Batha Ouest
57%
Borkou Borkou Yala
57%
Logone Occidental Dodjé
57%
Batha Fitri
57%
Logone Occidental Guéni
57%
Guéra Guéra
57%
Hadjer-Lamis Haraze al Biar
57%
Salamat Haraze-Mangueigne
57%
Logone Oriental Kouh-Est
57%
Logone Oriental Kouh-Ouest
57%
Logone Occidental Lac Wey
57%
Logone Oriental La Nya Pendé
57%
Logone Oriental La Pendé
57%
Chari-Baguirmi Loug Chari
57%
Lac Mamdi
57%
Mandoul Mandoul Occidental
57%
Mandoul Mandoul Oriental
57%
Guéra Mangalmé
57%
Logone Oriental Monts de Lam
57%
Logone Occidental Ngourkosso
57%
Kanem Nord Kanem
57%
Kanem Wadi Bissam
57%
Ennedi-Est Wadi Hawar
57%
Lac Wayi
57%
Ouaddaï Abdi
43%
Salamat Aboudeïa
43%
Ouaddaï Assoungha
43%
Bahr el Gazel Bahr el Gazel Ouest
43%
Salamat Barh Azoum
43%
Moyen-Chari Barh Kôh
43%
Wadi Fira Biltine
43%
Hadjer-Lamis Dababa
43%
Wadi Fira Dar Tama
43%
Sila Djourf al Ahmar
43%
Ennedi-Ouest Fada
43%
Moyen-Chari Grande Sido
43%
Mayo-Kebbi Est Kabbia
43%
Sila Kimiti
43%
Wadi Fira Kobé
43%
Moyen-Chari Lac Iro
43%
Mayo-Kebbi Ouest Lac Léré
43%
Logone Oriental La Nya
43%
Mayo-Kebbi Est Mayo-Boneye
43%
Mayo-Kebbi Ouest Mayo-Dallah
43%
Mayo-Kebbi Est Mayo Lémié
43%
Mayo-Kebbi Est Mont Illi
43%
Ennedi-Ouest Mourtcha
43%
Ouaddaï Ouara
43%
Tandjilé Tandjilé Est
43%
Tandjilé Tandjilé Ouest
43%
Tibesti Tibesti Est
43%
Tibesti Tibesti Ouest
43%
Lac Fouli
29%
Lac Kaya
29%
Mayo-Kebbi Ouest Mayo Binder
29%
Wadi Fira Megri
29%
Tandjilé Tandjilé Centre
29%
No matching quizzes found
Score Distribution
Percent of People with Each Score
Percentile by Number Answered
Your Score History
You have not taken this quiz